<?xml version="1.0" encoding="UTF-8"?><?xml-stylesheet type="text/xsl" href="static/style.xsl"?><OAI-PMH xmlns="http://www.openarchives.org/OAI/2.0/" xmlns:xsi="http://www.w3.org/2001/XMLSchema-instance" xsi:schemaLocation="http://www.openarchives.org/OAI/2.0/ http://www.openarchives.org/OAI/2.0/OAI-PMH.xsd"><responseDate>2026-04-17T03:01:58Z</responseDate><request verb="GetRecord" identifier="oai:www.recercat.cat:2445/65326" metadataPrefix="marc">https://recercat.cat/oai/request</request><GetRecord><record><header><identifier>oai:recercat.cat:2445/65326</identifier><datestamp>2025-12-04T22:31:58Z</datestamp><setSpec>com_2072_1057</setSpec><setSpec>col_2072_478917</setSpec><setSpec>col_2072_478931</setSpec></header><metadata><record xmlns="http://www.loc.gov/MARC21/slim" xmlns:dcterms="http://purl.org/dc/terms/" xmlns:xsi="http://www.w3.org/2001/XMLSchema-instance" xmlns:doc="http://www.lyncode.com/xoai" xsi:schemaLocation="http://www.loc.gov/MARC21/slim http://www.loc.gov/standards/marcxml/schema/MARC21slim.xsd">
   <leader>00925njm 22002777a 4500</leader>
   <datafield ind2=" " ind1=" " tag="042">
      <subfield code="a">dc</subfield>
   </datafield>
   <datafield ind2=" " ind1=" " tag="720">
      <subfield code="a">Garin, Noe</subfield>
      <subfield code="e">author</subfield>
   </datafield>
   <datafield ind2=" " ind1=" " tag="720">
      <subfield code="a">Olaya Guzmán, Beatriz</subfield>
      <subfield code="e">author</subfield>
   </datafield>
   <datafield ind2=" " ind1=" " tag="720">
      <subfield code="a">Lara, Elvira</subfield>
      <subfield code="e">author</subfield>
   </datafield>
   <datafield ind2=" " ind1=" " tag="720">
      <subfield code="a">Moneta, Maria Victoria</subfield>
      <subfield code="e">author</subfield>
   </datafield>
   <datafield ind2=" " ind1=" " tag="720">
      <subfield code="a">Miret, Marta</subfield>
      <subfield code="e">author</subfield>
   </datafield>
   <datafield ind2=" " ind1=" " tag="720">
      <subfield code="a">Ayuso Mateos, José Luis</subfield>
      <subfield code="e">author</subfield>
   </datafield>
   <datafield ind2=" " ind1=" " tag="720">
      <subfield code="a">Haro Abad, Josep Maria</subfield>
      <subfield code="e">author</subfield>
   </datafield>
   <datafield ind2=" " ind1=" " tag="260">
      <subfield code="c">2015-05-04T12:04:31Z</subfield>
   </datafield>
   <datafield ind2=" " ind1=" " tag="260">
      <subfield code="c">2015-05-04T12:04:31Z</subfield>
   </datafield>
   <datafield ind2=" " ind1=" " tag="260">
      <subfield code="c">2014-08-08</subfield>
   </datafield>
   <datafield ind2=" " ind1=" " tag="260">
      <subfield code="c">2015-05-04T12:04:32Z</subfield>
   </datafield>
   <datafield ind2=" " ind1=" " tag="520">
      <subfield code="a">BACKGROUND: In the context of population aging, visual impairment has emerged as a growing concern in public health. However, there is a need for further research into the relationship between visual impairment and chronic medical conditions in the elderly. The aim of our study was to examine the relationship between visual impairment and three main types of co-morbidity: chronic physical conditions (both at an independent and additive level), mental health and cognitive functioning. METHODS: Data were collected from the COURAGE in Europe project, a cross-sectional study. A total of 4,583 participants from Spain were included. Diagnosis of chronic medical conditions included self-reported medical diagnosis and symptomatic algorithms. Depression and anxiety were assessed using CIDI algorithms. Visual assessment included objective distance/near visual acuity and subjective visual performance. Descriptive analyses included the whole sample (n = 4,583). Statistical analyses included participants aged over 50 years (n = 3,625; mean age = 66.45 years) since they have a significant prevalence of chronic conditions and visual impairment. Crude and adjusted binary logistic regressions were performed to identify independent associations between visual impairment and chronic medical conditions, physical multimorbidity and mental conditions. Covariates included age, gender, marital status, education level, employment status and urbanicity. RESULTS: The number of chronic physical conditions was found to be associated with poorer results in both distance and near visual acuity [OR 1.75 (CI 1.38-2.23); OR 1.69 (CI 1.27-2.24)]. At an independent level, arthritis, stroke and diabetes were associated with poorer distance visual acuity results after adjusting for covariates [OR 1.79 (CI 1.46-2.21); OR 1.59 (CI 1.05-2.42); OR 1.27 (1.01-1.60)]. Only stroke was associated with near visual impairment [OR 3.01 (CI 1.86-4.87)]. With regard to mental health, poor subjective visual acuity was associated with depression [OR 1.61 (CI 1.14-2.27); OR 1.48 (CI 1.03-2.13)]. Both objective and subjective poor distance and near visual acuity were associated with worse cognitive functioning. CONCLUSIONS: Arthritis, stroke and the co-occurrence of various chronic physical diseases are associated with higher prevalence of visual impairment. Visual impairment is associated with higher prevalence of depression and poorer cognitive function results. There is a need to implement patient-centered care involving special visual assessment in these cases.</subfield>
   </datafield>
   <datafield tag="653" ind2=" " ind1=" ">
      <subfield code="a">Discapacitats visuals</subfield>
   </datafield>
   <datafield tag="653" ind2=" " ind1=" ">
      <subfield code="a">Morbiditat</subfield>
   </datafield>
   <datafield tag="653" ind2=" " ind1=" ">
      <subfield code="a">Epidemiologia</subfield>
   </datafield>
   <datafield tag="653" ind2=" " ind1=" ">
      <subfield code="a">Geriatria</subfield>
   </datafield>
   <datafield tag="653" ind2=" " ind1=" ">
      <subfield code="a">Salut mental</subfield>
   </datafield>
   <datafield tag="653" ind2=" " ind1=" ">
      <subfield code="a">Espanya</subfield>
   </datafield>
   <datafield tag="653" ind2=" " ind1=" ">
      <subfield code="a">People with visual disabilities</subfield>
   </datafield>
   <datafield tag="653" ind2=" " ind1=" ">
      <subfield code="a">Morbidity</subfield>
   </datafield>
   <datafield tag="653" ind2=" " ind1=" ">
      <subfield code="a">Epidemiology</subfield>
   </datafield>
   <datafield tag="653" ind2=" " ind1=" ">
      <subfield code="a">Geriatrics</subfield>
   </datafield>
   <datafield tag="653" ind2=" " ind1=" ">
      <subfield code="a">Mental health</subfield>
   </datafield>
   <datafield tag="653" ind2=" " ind1=" ">
      <subfield code="a">Spain</subfield>
   </datafield>
   <datafield ind2="0" ind1="0" tag="245">
      <subfield code="a">Visual impairment and multimorbidity in a representative sample of the Spanish population </subfield>
   </datafield>
</record></metadata></record></GetRecord></OAI-PMH>